| 000 | 00807nam a2200253Ia 4500 | ||
|---|---|---|---|
| 003 | OSt | ||
| 005 | 20220928130014.0 | ||
| 006 | a|||||r|||| 00| 0 | ||
| 007 | ta | ||
| 008 | 220927b |||||||| |||| 00| 0 eng d | ||
| 024 | _a33207 | ||
| 037 | _cTextual | ||
| 040 |
_aSDCL _cSDCL _beng |
||
| 041 |
_2eng _aeng |
||
| 082 | _aSigma:f, P7 | ||
| 100 |
_aDunn Dana S Ed. _9472492 |
||
| 245 | 0 | _aBest practices for teaching ststistics and research methods in the behavioral sciences. | |
| 260 |
_aNew Jersey _bLawrence Eribaum Associates _c2007 |
||
| 300 |
_axx,292p _ccm. |
||
| 700 |
_a Beins Bernard C Ed. _9472493 |
||
| 700 |
_a Smith Randolph A Ed. _9472494 |
||
| 942 |
_hSigma:f, P7 _cTEXL _2CC |
||
| 999 |
_c785069 _d785069 |
||